Océanie - Statistiques

Statistiques générales
  • Ce quiz a été pris 5 fois
  • Le résultat moyen est 8 sur 14
Réponses sur la Carte
Les réponses sont colorées sur une échelle allant du rouge au vert en fonction du pourcentage des utilisateurs qui les ont devinées à leur premier essai. Vous pouvez retrouver ces pourcentages ci-dessous.
 
Statistiques - réponses
Réponse % Correct
Australie
100%
Fidji
100%
Îles Marshall
67%
Kiribati
67%
Micronésie
67%
Nauru
67%
Nouvelle Zélande
67%
Palaos
67%
Papouasie-Nouvelle-Guinée
67%
Îles Salomon
33%
Samoa
33%
Tonga
33%
Tuvalu
33%
Vanuatu
33%
Aucun quiz correspondant
Distribution des résultats
% des personnes avec chaque résultat
Percentile par nombre de réponses
Votre historique - résultats
Vous n’avez pas pris ce quiz